[Event "South Wales op 20th"]
[Site "Bridgend"]
[Date "2025.07.09"]
[Round "9"]
[White "Marusenko, Petr"]
[Black "Wilson, Matthew R"]
[Result "1-0"]
[WhiteElo "2037"]
[BlackElo "1759"]
[PlyCount "63"]
[EventDate "2025.07.04"]
[EventType "swiss"]
[EventRounds "9"]
[EventCountry "WLS"]
[SourceTitle "CB29_2025"]
[SourceDate "2025.07.16"]
[SourceVersion "1"]
[SourceVersionDate "2025.07.16"]
[SourceQuality "1"]

1. d4 d5 2. c4 e6 3. Nc3 Nf6 4. cxd5 exd5 5. Bg5 Be7 6. e3 c6 7. Bd3 h6 8. Bf4 0-0 9. Nge2 Re8 10. 0-0 Nbd7 11. Qc2 Nf8 12. Rab1 a5 13. a3 Ne6 14. Be5 Ng4 15. Bg3 Bd6 16. h3 Bxg3 17. Nxg3 Nf6 18. b4 axb4 19. axb4 b5 20. Rfc1 Bd7 21. Nce2 Ng5 22. Bf5 Ra6 23. Bxd7 Qxd7 24. Nf4 Nge4 25. Nd3 Qe7 26. Nf5 Qe6 27. g4 Nd7 28. Nf4 Qf6 29. Nh5 Qg6 30. Nhxg7 Ndf6 31. Nxe8 Nxe8 32. Ne7+ 1-0

[Event "South Wales op 20th"]
[Site "Bridgend"]
[Date "2025.07.05"]
[Round "3"]
[White "Smith, Olivia"]
[Black "Wilson, Matthew R"]
[Result "1-0"]
[WhiteElo "2110"]
[BlackElo "1759"]
[PlyCount "77"]
[EventDate "2025.07.04"]
[EventType "swiss"]
[EventRounds "9"]
[EventCountry "WLS"]
[SourceTitle "CB29_2025"]
[SourceDate "2025.07.16"]
[SourceVersion "1"]
[SourceVersionDate "2025.07.16"]
[SourceQuality "1"]

1. e4 e5 2. d4 exd4 3. Nf3 Bb4+ 4. Nbd2 d5 5. exd5 Qxd5 6. Qe2+ Be6 7. a3 Be7 8. Qe4 Nc6 9. Bd3 Nf6 10. Qxd5 Bxd5 11. 0-0 0-0 12. b4 Rad8 13. Bb2 Bxf3 14. Nxf3 a6 15. Rad1 Nh5 16. g3 Bf6 17. Be4 Rd6 18. Bc1 g6 19. g4 Ng7 20. g5 Be7 21. Bf4 Rd7 22. Bxc6 bxc6 23. Rxd4 Rfd8 24. Rc4 Ne6 25. Be3 c5 26. h4 cxb4 27. axb4 Rd1 28. c3 R8d5 29. Rxd1 Rxd1+ 30. Kg2 Rd5 31. Nd4 Nxd4 32. Bxd4 Bd6 33. Bf6 Be5 34. Bxe5 Rxe5 35. Rxc7 Rf5 36. Ra7 Rf4 37. Rxa6 Rxh4 38. Ra5 Rg4+ 39. Kf3 1-0

[Event "Hastings Weekend op 98th"]
[Site "Hastings"]
[Date "2025.01.04"]
[Round "3"]
[White "Freeman, Luke"]
[Black "Wilson, Matthew R"]
[Result "1-0"]
[WhiteElo "1887"]
[BlackElo "1772"]
[PlyCount "49"]
[EventDate "2025.01.03"]
[EventType "swiss"]
[EventRounds "5"]
[EventCountry "ENG"]
[SourceTitle "CB03_2025"]
[SourceDate "2025.01.15"]
[SourceVersion "1"]
[SourceVersionDate "2025.01.15"]
[SourceQuality "1"]

1. e4 e5 2. Nc3 Nf6 3. f4 d5 4. fxe5 Nxe4 5. Qf3 Nxc3 6. dxc3 Nc6 7. Bf4 g5 8. Bg3 h5 9. Bb5 g4 10. Qd3 Bh6 11. Ne2 a6 12. Bxc6+ bxc6 13. 0-0 a5 14. Qd4 Be6 15. Bf4 Qe7 16. Bxh6 Rxh6 17. Qf4 Rg6 18. Nd4 c5 19. Nxe6 Rxe6 20. Rae1 c6 21. Qf5 0-0-0 22. Qxh5 Rg8 23. Rxf7 Qd8 24. Ra7 Re7 25. Ra8+ 1-0

[Event "Hastings Masters op 98th"]
[Site "Hastings"]
[Date "2025.01.03"]
[Round "9"]
[White "Wilson, Matthew R"]
[Black "Raffin Sumyk, Piermael"]
[Result "1-0"]
[WhiteElo "1766"]
[BlackElo "1507"]
[PlyCount "59"]
[EventDate "2024.12.28"]
[EventType "swiss"]
[EventRounds "9"]
[EventCountry "ENG"]
[SourceTitle "CB02_2025"]
[SourceDate "2025.01.08"]
[SourceVersion "1"]
[SourceVersionDate "2025.01.08"]
[SourceQuality "1"]

1. e4 e6 2. d4 d5 3. exd5 exd5 4. Bd3 Nf6 5. Nf3 Be7 6. 0-0 0-0 7. Re1 Bg4 8. Nbd2 c6 9. Nf1 Nbd7 10. Ng3 Bd6 11. Nf5 Bxf5 12. Bxf5 Qc7 13. Bg5 Rfe8 14. Qd2 Ne4 15. Qe3 Ndf6 16. Bxf6 Nxf6 17. Qg5 h6 18. Qh4 Rad8 19. c3 a6 20. h3 Bf4 21. g3 Bd6 22. Kg2 Rxe1 23. Rxe1 Qb8 24. Ne5 Bf8 25. f4 Qc7 26. g4 Bd6 27. g5 Nh7 28. g6 fxg6 29. Be6+ Kh8 30. Nxg6# 1-0

[Event "South Wales op 19th"]
[Site "Bridgend"]
[Date "2024.07.08"]
[Round "6"]
[White "Kong, Emma Zihan"]
[Black "Wilson, Matthew R"]
[Result "1-0"]
[WhiteElo "1626"]
[BlackElo "1832"]
[PlyCount "57"]
[EventDate "2024.07.05"]
[EventType "swiss"]
[EventRounds "9"]
[EventCountry "WLS"]
[SourceTitle "CBM 221 Extra"]
[Source "ChessBase"]
[SourceDate "2024.09.30"]
[SourceVersion "1"]
[SourceVersionDate "2024.09.30"]
[SourceQuality "1"]

1. d4 d5 2. c4 e6 3. Nc3 Nf6 4. cxd5 exd5 5. Bg5 Be7 6. e3 c6 7. Bd3 h6 8. Bf4 Nbd7 9. Nf3 0-0 10. 0-0 Re8 11. Rb1 a5 12. Qc2 Nh5 13. Nxd5 Nxf4 14. Nxf4 Bd6 15. Ne2 Nf6 16. e4 Bf8 17. h3 a4 18. Ng3 Be6 19. a3 Bb3 20. Qc3 Qa5 21. Qxa5 Rxa5 22. Nd2 Be6 23. e5 Nd5 24. Bf5 Nf4 25. Bxe6 Nxe6 26. Nf3 Rd8 27. Rfd1 Rad5 28. Ne2 Nxd4 29. Rxd4 1-0

[Event "Hastings Masters op 97th"]
[Site "Hastings"]
[Date "2023.12.28"]
[Round "1"]
[White "Beaumont, Chris"]
[Black "Wilson, Matthew R"]
[Result "1-0"]
[WhiteElo "2236"]
[BlackElo "1771"]
[PlyCount "45"]
[EventDate "2023.12.28"]
[EventType "swiss"]
[EventRounds "9"]
[EventCountry "ENG"]
[SourceTitle "EXT 2025"]
[Source "ChessBase"]
[SourceDate "2024.10.14"]
[SourceVersion "1"]
[SourceVersionDate "2024.10.14"]
[SourceQuality "1"]

1. Nf3 d5 2. d4 Nf6 3. c4 e6 4. g3 Bb4+ 5. Bd2 Be7 6. Qc2 Ne4 7. Bg2 0-0 8. 0-0 Nd7 9. Bf4 c6 10. Nc3 f5 11. Rad1 g5 12. Bc1 Kh8 13. b3 Qe8 14. Nxe4 dxe4 15. Nxg5 Qg6 16. Nh3 Bf6 17. Nf4 Qf7 18. f3 Bxd4+ 19. Rxd4 e5 20. Rdd1 exf4 21. Bxf4 exf3 22. Bxf3 Qg7 23. e4 1-0